Click The Kanye West Album For Each Song - Statistics

General Stats
  • This quiz has been taken 495 times
  • The average score is 26 of 50
Answer Stats
Hint Answer % Correct
All Falls Down
60%
Through The Wire
59%
Touch The Sky
58%
Stronger
58%
Flashing Lights
58%
I Wonder
58%
Homecoming
58%
Can't Tell Me Nothing
58%
Slow Jamz
57%
Runaway
57%
Jesus Walks
56%
Spaceship
56%
Diamonds From Sierra Leone
56%
Heartless
56%
Monster
56%
Gold Digger
55%
Hey Mama
55%
Love Lockdown
54%
Power
54%
Devil In A New Dress
54%
Heard 'Em Say
53%
Off The Grid
53%
All Of The Lights
52%
Black Skinhead
52%
Father Stretch My Hands Pt. 1
52%
Violent Crimes
52%
Blood On The Leaves
51%
Famous
51%
Ultralight Beam
51%
Ghost Town
51%
Moon
51%
Follow God
50%
Paranoid
49%
Bound 2
49%
New Slaves
49%
Hurricane
49%
Jail
49%
Street Lights
48%
Hold My Liquor
48%
Wolves
48%
Yikes
48%
Waves
47%
Closed On Sunday
47%
On God
46%
Selah
46%
All Mine
45%
Amazing
44%
Praise God
42%
Wouldn't Leave
39%
Everything We Need
34%
No matching quizzes found
Score Distribution
Percent of People with Each Score
Percentile by Number Answered
Your Score History
You have not taken this quiz